000 00266nam a2200109Ia 4500
005 20251222155053.0
008 251222s9999||||xx |||||||||||||| ||spa||
082 _aANT.14
245 0 _aCuranderismo y Brujería en la costa peruana
264 _bNo tiene
942 _cLIB
999 _c37362
_d37362